Villes d'Ecosse - Statistiques

Statistiques générales
  • Ce quiz a été pris 444 fois
    387 depuis la dernière actualisation
  • Le résultat moyen est 7 sur 25
Statistiques - réponses
Rang Population Zone de conseil Ville % Correct
2 488 050 Edimbourg
99%
1 612 040 Glasgow
97%
3 200 680 Aberdeen
78%
13 47 290 Montagnes Inverness
72%
4 148 280 Dundee
61%
19 37 610 Stirling
37%
12 47 430 P. et Kinross Perth
33%
14 46 780 South Ayrshire Ayr
20%
21 35 850 Falkirk
20%
15 46 770 East Ayrshire Kilmarnock
17%
24 32 590 North Lanarkshire Motherwell
17%
23 33 440 D. et Galloway Dumfries
16%
7 57 030 West Lothian Livingston
15%
9 53 100 Fifre Dunfermline
12%
8 54 080 South Lanarkshire Hamilton
10%
5 77 220 Renfrewshire Paisley
10%
17 42 680 Inverclyde Greenock
7%
10 50 920 North Lanarkshire Cumbernauld
6%
6 75 120 South Lanarkshire East Kilbride
6%
20 37 410 North Lanarkshire Airdrie
5%
18 38 510 Fifre Glenrothes
5%
22 34 090 North Ayrshire Irvine
5%
11 50 010 Fifre Kirkcaldy
5%
16 43 960 North Lanarkshire Coatbridge
3%
25 31 190 South Lanarkshire Rutherglen
3%
Aucun quiz correspondant
Distribution des résultats
% des personnes avec chaque résultat
Percentile par nombre de réponses
Votre historique - résultats
Vous n’avez pas pris ce quiz depuis la dernière actualisation